La democratización, la paz y el desarrollo de América Latina /
Guardado en:
| Autor principal: | |
|---|---|
| Formato: | Texto |
| Etiquetas: |
Agregar Etiqueta
Sin Etiquetas, Sea el primero en etiquetar este registro!
|
MARC
| LEADER | 00000 a a2200000 04500 | ||
|---|---|---|---|
| 001 | 47773 | ||
| 003 | |||
| 040 | |||
| 100 | |a Quiñones Amézquita, Mario | ||
| 245 | |a La democratización, la paz y el desarrollo de América Latina / |c Mario Quiñones Amézquita | ||
| 500 | |a Discurso al inaugurar el XVI período ordinario de sesiones de la Asamblea General de la Organización de Estados Americanos. (Guatemala, 10 de noviembre, 1986) | ||
| 773 | |g número4, (octubre-diciembre, 1986), páginas 23-31 | ||
| 999 | |c 20476 |d 20476 | ||
